书目信息 |
| 题名: |
时间序列分析
|
|
| 作者: | 王燕 编著 | |
| 分册: | ||
| 出版信息: | 北京 中国人民大学出版社 2015.9 |
|
| 页数: | 257页 | |
| 开本: | 26cm | |
| 丛书名: | 基于R应用的统计学丛书 | |
| 单 册: | ||
| 中图分类: | O211.61 | |
| 科图分类: | ||
| 主题词: | 时间序列分析 | |
| 电子资源: | ||
| ISBN: | 978-7-300-20939-5 | |
| 000 | 00929oam2 2200265 450 | |
| 001 | 0400004312 | |
| 005 | 20171023172657.0 | |
| 010 | @a978-7-300-20939-5@dCNY35.00 | |
| 100 | @a20160109d2015 em y0chiy50 ea | |
| 101 | 0 | @achi |
| 102 | @aCN@b110000 | |
| 105 | @ay z 000yy | |
| 106 | @ar | |
| 200 | 1 | @a时间序列分析@9shi jian xu lie fen xi@e基于R@dTime series analysis@ewith R@f王燕编著@zeng |
| 210 | @a北京@c中国人民大学出版社@d2015.9 | |
| 215 | @a257页@d26cm | |
| 225 | 1 | @a基于R应用的统计学丛书 |
| 330 | @a本书共分6章,分别为时间序列分析简介、时间序列的预处理、平稳时间序列分析、非平稳序列的确定性分析、非平稳序列的随机分析、多元时间序列分析。 | |
| 461 | 0 | @12001 @a基于R应用的统计学丛书 |
| 510 | 1 | @aTime series analysis@ewith R@zeng |
| 606 | 0 | @a时间序列分析 |
| 690 | @aO211.61@v5 | |
| 701 | 0 | @a王燕@9wang yan@c(女,@f1973.5-)@4编著 |
| 801 | 0 | @aCN@b91MARC@c20171023 |
| 905 | @b1037605-9@dO211.61@f5@e388 | |
| 时间序列分析:基于R=Time series analysis:with R/王燕编著.-北京:中国人民大学出版社,2015.9 |
| 257页;26cm.-(基于R应用的统计学丛书) |
| ISBN 978-7-300-20939-5:CNY35.00 |
| 本书共分6章,分别为时间序列分析简介、时间序列的预处理、平稳时间序列分析、非平稳序列的确定性分析、非平稳序列的随机分析、多元时间序列分析。 |
| ● |
| 相关链接 |
|
|
|
|
正题名:时间序列分析
索取号:O211.61/388
 
预约/预借
| 序号 | 登录号 | 条形码 | 馆藏地/架位号 | 状态 | 备注 |
| 1 | 1037605 | 210376056 | 第二样本阅览室/ [索取号:O211.61/388] | 在馆 | |
| 2 | 1037606 | 210376065 | 密集书库-数信学院/ [索取号:O211.61/388] | 在馆 | |
| 3 | 1037607 | 210376074 | 第三借阅区/ [索取号:O211.61/388] | 在馆 | |
| 4 | 1037608 | 210376083 | 第三借阅区/ [索取号:O211.61/388] | 在馆 | |
| 5 | 1037609 | 210376092 | 第三借阅区/ [索取号:O211.61/388] | 在馆 |